000 00448nam a2200145Ia 4500
008 231129s1986||||xx |||||||||||||| ||spa||
020 _a968-16-2407-6
040 _bspa
082 _a320.945 A333h
100 _aAlbertoni Ettore A
245 0 _aHistoria de las doctrinas politicas en Italia desde su origen hasta nuestros dias
260 _c1986
264 _aFondo de Cultura Economica
942 _2ddc
_cBKS
999 _c15188
_d15188